[Event "Cup of Lviv-2017 (A) Bank Lviv - open"]
[Site "Lviv"]
[Date "2017.05.08"]
[Round "5.8"]
[White "Mamedov, Rauf"]
[Black "Moliboga, V."]
[Result "1/2-1/2"]
[WhiteElo "2705"]
[BlackElo "2310"]
[PlyCount "78"]
[EventDate "2017.05.08"]
[EventType "swiss (rapid)"]
[EventRounds "13"]
[EventCountry "UKR"]

1. e4 g6 2. d4 Bg7 3. Nc3 d6 4. f4 c6 5. Nf3 d5 6. Be3 dxe4 7. Nxe4 Nf6 8.
Nxf6+ Bxf6 9. Qd2 Bf5 10. O-O-O Na6 11. Ne5 Nc7 12. Kb1 a5 13. Rg1 Nd5 14. g4
Be4 15. Bd3 Bxd3 16. Qxd3 Qb6 17. Bd2 e6 18. Rge1 Bxe5 19. fxe5 O-O-O 20. a3 h5
21. Bg5 Rd7 22. gxh5 Rxh5 23. h4 Ne7 24. Re4 Nf5 25. Bf6 c5 26. c3 Qb3 27. Qc2
a4 28. Rd2 Qxc2+ 29. Kxc2 c4 30. Rg2 Kc7 31. Kd2 Kc6 32. Ke2 Kd5 33. Rf4 Rc7
34. Kf3 Rc6 35. Bd8 Rh8 36. Bf6 Rh5 37. Rh2 Rb6 38. Rd2 Rb5 39. Bg5 Rb3 1/2-1/2

[Event "Cup of Lviv-2017 (A) Bank Lviv - open"]
[Site "Lviv"]
[Date "2017.05.08"]
[Round "5.9"]
[White "Azarov, Sergei"]
[Black "Vypkhanyuk, Igor"]
[Result "1/2-1/2"]
[WhiteElo "2589"]
[BlackElo "2308"]
[PlyCount "106"]
[EventDate "2017.05.08"]
[EventType "swiss (rapid)"]
[EventRounds "13"]
[EventCountry "UKR"]

1. e4 d5 2. exd5 Nf6 3. d4 Bg4 4. Be2 Bxe2 5. Nxe2 Qxd5 6. O-O Nc6 7. Nbc3 Qh5
8. d5 O-O-O 9. Nf4 Qxd1 10. Rxd1 Nb4 11. a3 Nxc2 12. Ra2 e5 13. dxe6 Rxd1+ 14.
Nxd1 Nd4 15. exf7 Bd6 16. Be3 Bxf4 17. Bxd4 Rf8 18. g3 Bd6 19. Nc3 a6 20. b4
Rxf7 21. Kg2 Kd7 22. Rd2 Kc6 23. h3 b6 24. f4 a5 25. bxa5 bxa5 26. Rc2 Kb7 27.
Nb5 Bf8 28. Rb2 Kc6 29. a4 Kd5 30. Rd2 Bb4 31. Rd1 Kc4 32. Nxc7 Rd7 33. Nb5 Kb3
34. Ra1 Ne4 35. Be5 Rd2+ 36. Kf3 Nc5 37. Nd4+ Kc4 38. Nc6 Rd3+ 39. Kg4 Bd2 40.
Bxg7 Kb3 41. Ne5 Re3 42. Rd1 Bc3 43. Rb1+ Kc2 44. Rb8 Ne4 45. Kf5 Nxg3+ 46. Ke6
Ne2 47. Rf8 Re4 48. Bh6 Rxa4 49. Rc8 Nxf4+ 50. Kf5 Nd5 51. Ke6 Nf4+ 52. Kf5 Nd5
53. Ke6 Nf4+ 1/2-1/2

[Event "Cup of Lviv-2017 (A) Bank Lviv - open"]
[Site "Lviv"]
[Date "2017.05.08"]
[Round "6.1"]
[White "Onischuk, Vladimir"]
[Black "Vovk, Yuri"]
[Result "1/2-1/2"]
[WhiteElo "2715"]
[BlackElo "2532"]
[PlyCount "112"]
[EventDate "2017.05.08"]
[EventType "swiss (rapid)"]
[EventRounds "13"]
[EventCountry "UKR"]

1. e4 c5 2. Nf3 d6 3. d4 cxd4 4. Nxd4 Nf6 5. Nc3 a6 6. Be2 e6 7. O-O Be7 8. f4
O-O 9. Be3 Qc7 10. Qe1 b5 11. a3 Bb7 12. Bf3 Nbd7 13. Rd1 Nc5 14. Bf2 Rad8 15.
Bh4 Rfe8 16. Kh1 Nfd7 17. Bxe7 Rxe7 18. b4 Na4 19. Nxa4 bxa4 20. Rc1 Nf6 21. c4
Ree8 22. Qe3 e5 23. Nf5 Bc8 24. Ng3 a5 25. f5 axb4 26. axb4 Re7 27. Nh5 Nxh5
28. Bxh5 f6 29. c5 dxc5 30. Rxc5 Qb8 31. Rfc1 Ba6 32. Qa3 Bb5 33. Qa2+ Kh8 34.
Bf7 Bd3 35. Rd5 Red7 36. Rxd7 Rxd7 37. Bd5 Rc7 38. Rd1 Qxb4 39. h3 Rc2 40. Qb1
Qxb1 41. Rxb1 Rc8 42. Ra1 Bb5 43. Rb1 Be8 44. Rb6 h5 45. h4 Kh7 46. Ra6 Bb5 47.
Ra5 Be8 48. Ra7 Rb8 49. Kh2 Bb5 50. Kg3 Rc8 51. Ra5 Rb8 52. Ra7 Rc8 53. Ra5 Bd7
54. Ra7 Be8 55. Kf2 Rb8 56. Ke3 Rc8 1/2-1/2

[Event "Cup of Lviv-2017 (A) Bank Lviv - open"]
[Site "Lviv"]
[Date "2017.05.08"]
[Round "6.3"]
[White "Mirzoev, Emil"]
[Black "Bogdanovich, Stanislav"]
[Result "0-1"]
[WhiteElo "2474"]
[BlackElo "2676"]
[PlyCount "144"]
[EventDate "2017.05.08"]
[EventType "swiss (rapid)"]
[EventRounds "13"]
[EventCountry "UKR"]

1. d4 d5 2. Bf4 Nf6 3. e3 Bg4 4. f3 Bf5 5. Nc3 e6 6. g4 Bg6 7. h4 h6 8. Bd3
Bxd3 9. cxd3 Bd6 10. Nge2 Nc6 11. Qb3 Rb8 12. Kf2 a6 13. Rac1 Bxf4 14. Nxf4 Qd6
15. Qa3 Qxa3 16. bxa3 Nd7 17. g5 hxg5 18. hxg5 Ke7 19. g6 f5 20. Rh7 Rhg8 21.
Na4 Kd6 22. Nc5 Nf8 23. Rh5 a5 24. a4 Ne7 25. e4 Nexg6 26. e5+ Ke7 27. Ncxe6
Nxe6 28. Nxg6+ Kf7 29. Nh4 g6 30. Rh7+ Rg7 31. Rxg7+ Kxg7 32. Rg1 g5 33. Nxf5+
Kg6 34. Ne7+ Kf7 35. Nxd5 Rd8 36. Nc3 Rxd4 37. Ke3 Rd8 38. Ne4 Rg8 39. d4 c6
40. Rb1 Kg6 41. Rxb7 Nf4 42. Ra7 Rb8 43. Ra6 Nd5+ 44. Kf2 Rb2+ 45. Kg3 Rc2 46.
Nf2 Nf4 47. Rxa5 Nh5+ 48. Kg2 Nf4+ 49. Kg3 Nh5+ 50. Kg2 Nf4+ 51. Kg3 Rc1 52.
Nh3 Ne2+ 53. Kf2 Nxd4 54. Ke3 Ne6 55. Ra6 Kf5 56. Nf2 Rc3+ 57. Ke2 Nf4+ 58. Ke1
Re3+ 59. Kf1 Rxf3 60. Rxc6 g4 61. Kg1 g3 62. Nh1 Re3 63. Nxg3+ Rxg3+ 64. Kf2
Ra3 65. Rc4 Kxe5 66. Ke1 Rxa2 67. Rc8 Kd4 68. Re8 Nd5 69. Re2 Ra1+ 70. Kf2 Nc3
71. Rd2+ Ke4 72. Rc2 Kd3 0-1

[Event "Cup of Lviv-2017 (A) Bank Lviv - open"]
[Site "Lviv"]
[Date "2017.05.08"]
[Round "6.4"]
[White "Kravtsiv, Martyn"]
[Black "Solovchuk, Alexey"]
[Result "1-0"]
[WhiteElo "2590"]
[BlackElo "2483"]
[PlyCount "119"]
[EventDate "2017.05.08"]
[EventType "swiss (rapid)"]
[EventRounds "13"]
[EventCountry "UKR"]

1. e4 c5 2. Nf3 d6 3. d4 cxd4 4. Nxd4 Nf6 5. Nc3 a6 6. Be2 e5 7. Nb3 Be6 8. O-O
Nbd7 9. Re1 Be7 10. Bf3 Rc8 11. Nd2 b5 12. Nf1 O-O 13. Ne3 Nb6 14. a4 b4 15.
Ncd5 Nfxd5 16. exd5 Bd7 17. a5 Nc4 18. Nxc4 Rxc4 19. Bd2 Qc7 20. c3 bxc3 21.
Bxc3 Bb5 22. Qd2 Qb7 23. Rad1 h6 24. Re4 Bg5 25. Qe1 f5 26. Rxc4 Bxc4 27. Be2
Bb3 28. Ra1 Ra8 29. Qf1 Be7 30. Bc4 Bxc4 31. Qxc4 Rc8 32. Qd3 Rc5 33. Qxf5 Qxd5
34. h3 Qf7 35. Qe4 Qd5 36. Qg4 Qc4 37. Qd7 Rc7 38. Qf5 Bf6 39. Rd1 Be7 40. Rd3
Qf7 41. Qg4 Kh7 42. Rf3 Qg6 43. Qa4 Bf6 44. Qd1 Bg5 45. Rd3 Rc6 46. Qe2 Qf5 47.
Rf3 Qb1+ 48. Kh2 Bf6 49. Rd3 Rc4 50. Rxd6 Rxc3 51. bxc3 e4 52. Rxf6 gxf6 53.
Qxa6 Kg6 54. Qc4 Qd3 55. Qg8+ Kf5 56. Qc8+ Kg6 57. a6 Qd6+ 58. g3 e3 59. Qg8+
Kf5 60. Qg4+ 1-0

[Event "Cup of Lviv-2017 (A) Bank Lviv - open"]
[Site "Lviv"]
[Date "2017.05.08"]
[Round "6.6"]
[White "Kislinsky, Alexey"]
[Black "Bortnyk, Mykola"]
[Result "0-1"]
[WhiteElo "2455"]
[BlackElo "2543"]
[PlyCount "114"]
[EventDate "2017.05.08"]
[EventType "swiss (rapid)"]
[EventRounds "13"]
[EventCountry "UKR"]

1. e4 Nf6 2. e5 Nd5 3. c4 Nb6 4. c5 Nd5 5. Bc4 e6 6. d4 d6 7. cxd6 cxd6 8. Nf3
Be7 9. O-O Nc6 10. exd6 Qxd6 11. Nc3 Nxc3 12. bxc3 O-O 13. Re1 b6 14. Ng5 Bxg5
15. Bxg5 h6 16. Bd2 Ne7 17. Bd3 Bb7 18. Re3 Nf5 19. Rh3 Rfe8 20. Qg4 Kf8 21. a4
Rac8 22. Bf1 Bd5 23. Bc1 Qc7 24. c4 Bb7 25. Ba3+ Kg8 26. Re1 Qd7 27. a5 Qxd4
28. Qxd4 Nxd4 29. Rb1 Be4 30. Rc1 Bf5 31. Rg3 bxa5 32. Bd6 Red8 33. Be5 Bg6 34.
Ra3 Nc6 35. Bf4 e5 36. Be3 Kh7 37. h4 f5 38. g3 Rf8 39. f4 Rfd8 40. fxe5 Nxe5
41. Rxa5 Nc6 42. Ra6 Be8 43. Bh3 g6 44. h5 Rc7 45. hxg6+ Bxg6 46. Bf4 Rcc8 47.
Re1 Rd7 48. Re6 Ne7 49. Rxg6 Nxg6 50. Bxf5 Rd1+ 51. Kh2 Rg8 52. g4 Rf1 53. Be3
h5 54. Bd4 hxg4 55. Rxa7+ Kh6 56. Be3+ Nf4 57. Be4 g3# 0-1

[Event "Cup of Lviv-2017 (A) Bank Lviv - open"]
[Site "Lviv"]
[Date "2017.05.08"]
[Round "6.7"]
[White "Sivuk, Vitaliy"]
[Black "Vetoshko, Volodymyr"]
[Result "1/2-1/2"]
[WhiteElo "2533"]
[BlackElo "2385"]
[PlyCount "93"]
[EventDate "2017.05.08"]
[EventType "swiss (rapid)"]
[EventRounds "13"]
[EventCountry "UKR"]

1. d4 Nf6 2. c4 e6 3. g3 c5 4. d5 exd5 5. cxd5 g6 6. Nc3 d6 7. Bg2 Bg7 8. Nf3
O-O 9. O-O Re8 10. Bf4 Ne4 11. Nxe4 Rxe4 12. Nd2 Rxf4 13. gxf4 Bxb2 14. Rb1 Bg7
15. e4 Na6 16. Nc4 b5 17. Rxb5 Nb4 18. a4 Ba6 19. e5 Qh4 20. Qf3 Bxb5 21. axb5
Bh6 22. Qg3 Qxf4 23. Nxd6 Rd8 24. Nb7 Rb8 25. d6 Qd4 26. Qh3 Bg5 27. e6 Nd5 28.
exf7+ Kg7 29. Qd7 Rf8 30. Qc6 Nf4 31. Nxc5 Rxf7 32. d7 Be7 33. Nb7 Rf5 34. d8=Q
Bxd8 35. Nxd8 Qxd8 36. Be4 Rf6 37. Qb7+ Rf7 38. Qc6 Rf6 39. Qc4 Qe7 40. Kh1 Nh3
41. f3 Ng5 42. Qd4 Ne6 43. Qe5 Qc5 44. Qxc5 Nxc5 45. Ra1 a6 46. bxa6 Nxa6 47.
Kg2 1/2-1/2

[Event "Cup of Lviv-2017 (A) Bank Lviv - open"]
[Site "Lviv"]
[Date "2017.05.08"]
[Round "6.8"]
[White "Mischuk, Dmitry"]
[Black "Sumets, Andrey"]
[Result "0-1"]
[WhiteElo "2429"]
[BlackElo "2506"]
[PlyCount "96"]
[EventDate "2017.05.08"]
[EventType "swiss (rapid)"]
[EventRounds "13"]
[EventCountry "UKR"]

1. d4 Nf6 2. c4 e6 3. Nc3 Bb4 4. e3 c5 5. Nge2 cxd4 6. exd4 O-O 7. a3 Be7 8.
Nf4 d6 9. Be2 e5 10. Nfd5 Nxd5 11. Nxd5 Nc6 12. Be3 Bg5 13. dxe5 Bxe3 14. Nxe3
dxe5 15. O-O Be6 16. Bf3 Nd4 17. b4 Qd7 18. Re1 Rac8 19. Rc1 b5 20. Bd5 bxc4
21. Bxc4 Bxc4 22. Nxc4 f6 23. Ne3 Rxc1 24. Qxc1 Rc8 25. Qb2 Qc6 26. h3 Qc3 27.
Qa2+ Kf8 28. Rb1 Qd3 29. a4 Ne2+ 30. Kh2 Nc3 31. Qe6 Re8 32. Qb3 Qxb1 33. Qxc3
Qe4 34. Qc5+ Kg8 35. g4 Qd4 36. Qc6 Rb8 37. Qc7 Rf8 38. Nf5 Qxf2+ 39. Kh1 Qe1+
40. Kg2 Qd2+ 41. Kg3 Qg5 42. b5 h5 43. a5 Rf7 44. Qc8+ Kh7 45. Qc2 g6 46. Nd6
Rd7 47. Qc5 Qf4+ 48. Kg2 Qd2+ 0-1

[Event "Cup of Lviv-2017 (A) Bank Lviv - open"]
[Site "Lviv"]
[Date "2017.05.08"]
[Round "6.11"]
[White "Borisenko, Viacheslav"]
[Black "Golichenko, Ilija"]
[Result "1-0"]
[WhiteElo "2359"]
[BlackElo "2461"]
[PlyCount "195"]
[EventDate "2017.05.08"]
[EventType "swiss (rapid)"]
[EventRounds "13"]
[EventCountry "UKR"]

1. e4 c5 2. Nf3 d6 3. c3 Nf6 4. Bc4 e6 5. Qe2 a6 6. Bb3 Be7 7. d4 Nc6 8. O-O e5
9. dxc5 dxc5 10. Rd1 Qc7 11. Nbd2 O-O 12. h3 h6 13. Nc4 b5 14. Ne3 c4 15. Bc2
Bd6 16. Nh4 Ne7 17. Qf3 Nh7 18. Nef5 Bxf5 19. Nxf5 Nxf5 20. Qxf5 Rad8 21. Qg4
Nf6 22. Qf3 Nd7 23. Be3 Bc5 24. Rd2 Bxe3 25. Qxe3 Nc5 26. Rad1 Rxd2 27. Qxd2
Rc8 28. Kf1 Kf8 29. Qe3 Ne6 30. Rd5 Nf4 31. Rd2 Kg8 32. Bd1 Rd8 33. Bg4 h5 34.
Be2 g6 35. h4 Rd6 36. g3 Ne6 37. Rd5 Rxd5 38. exd5 Nc5 39. g4 hxg4 40. h5 gxh5
41. Qg5+ Kf8 42. Qxh5 Qd6 43. Qh8+ Ke7 44. Qh4+ Kd7 45. Bxg4+ Kc7 46. Bf3 Qd8
47. Qh6 Qd6 48. Qg7 Qe7 49. Qh6 f6 50. Qh8 e4 51. Bg4 Kd6 52. Be6 Nxe6 53. dxe6
Qxe6 54. Qb8+ Kd5 55. Qc7 f5 56. Qb7+ Ke5 57. Qg7+ Qf6 58. Qc7+ Qd6 59. Qg7+
Kd5 60. Qb7+ Ke6 61. Qc8+ Ke5 62. Qh8+ Ke6 63. Qc8+ Kf6 64. Qh8+ Kg5 65. Qg7+
Qg6 66. Qe5 Qh5 67. Qg7+ Qg6 68. Qe5 Qf6 69. Qg3+ Kh5 70. Qh3+ Kg6 71. Qg3+ Kh7
72. Qh2+ Qh6 73. Qc7+ Qg7 74. Qh2+ Qh6 75. Qc7+ Kg6 76. Qd6+ Kg5 77. Qg3+ Kh5
78. Qh3+ Kg6 79. Qg3+ Qg5 80. Qd6+ Kh5 81. Qxa6 Qc1+ 82. Kg2 Qxb2 83. Qe6 Qd2
84. Qxf5+ Qg5+ 85. Qxg5+ Kxg5 86. Kf1 Kf4 87. Ke2 b4 88. cxb4 c3 89. b5 c2 90.
Kd2 Kf3 91. b6 Kxf2 92. b7 e3+ 93. Kxc2 e2 94. b8=Q e1=Q 95. Qf4+ Kg2 96. Qd2+
Qxd2+ 97. Kxd2 Kf3 98. Kd3 1-0

[Event "Cup of Lviv-2017 (A) Bank Lviv - open"]
[Site "Lviv"]
[Date "2017.05.08"]
[Round "7.1"]
[White "Bogdanovich, Stanislav"]
[Black "Kravtsiv, Martyn"]
[Result "0-1"]
[WhiteElo "2676"]
[BlackElo "2590"]
[PlyCount "146"]
[EventDate "2017.05.08"]
[EventType "swiss (rapid)"]
[EventRounds "13"]
[EventCountry "UKR"]

1. d4 d5 2. c4 e6 3. Nc3 Be7 4. cxd5 exd5 5. Bf4 c6 6. e3 Bd6 7. Nge2 Ne7 8. g3
O-O 9. Bg2 Ng6 10. Bxd6 Qxd6 11. O-O Re8 12. Qd2 Qe7 13. Nc1 Bf5 14. Nd3 Nd7
15. b4 Nb6 16. b5 Nc4 17. Qe2 Qa3 18. Rfc1 Nd6 19. Qb2 Nc4 20. Qxa3 Nxa3 21.
Nb4 Ne7 22. bxc6 bxc6 23. Nxc6 Nxc6 24. Nxd5 Rac8 25. Rc3 Nb5 26. Rc5 Ncxd4 27.
exd4 Nxd4 28. Rxc8 Bxc8 29. Rd1 Ne6 30. Rb1 Kf8 31. Rb4 Rd8 32. h4 Bd7 33. Ne3
Rc8 34. Be4 h6 35. Kg2 Nc5 36. Bd5 g6 37. Kf3 Be8 38. Ke2 a5 39. Rb6 Na4 40.
Rd6 Nc3+ 41. Kd3 Bb5+ 42. Kd4 Be8 43. Bc4 Nb5+ 44. Bxb5 Bxb5 45. Rd5 Rb8 46.
Rc5 a4 47. Kc3 Bd7 48. Nc4 Be6 49. Ra5 Bxc4 50. Kxc4 Rb2 51. Rxa4 Rxf2 52. Kd5
Rf3 53. g4 Rh3 54. h5 gxh5 55. gxh5 Rxh5+ 56. Kd6 Rg5 57. Rh4 h5 58. a4 Kg7 59.
Kc6 Rg4 60. Rxh5 Rxa4 61. Rg5+ Kf6 62. Rg1 Ke5 63. Kc5 f5 64. Re1+ Re4 65. Rh1
Re3 66. Kc4 f4 67. Rh5+ Ke4 68. Rh4 Re2 69. Rh8 Rc2+ 70. Kb3 Rc5 71. Re8+ Kf3
72. Kb4 Rc7 73. Re3+ fxe3 0-1

[Event "Cup of Lviv-2017 (A) Bank Lviv - open"]
[Site "Lviv"]
[Date "2017.05.08"]
[Round "7.2"]
[White "Bortnyk, Mykola"]
[Black "Kuzubov, Yuriy"]
[Result "0-1"]
[WhiteElo "2543"]
[BlackElo "2564"]
[PlyCount "108"]
[EventDate "2017.05.08"]
[EventType "swiss (rapid)"]
[EventRounds "13"]
[EventCountry "UKR"]

1. e4 e5 2. Nf3 Nf6 3. Nxe5 d6 4. Nf3 Nxe4 5. d4 d5 6. Bd3 Nc6 7. Nc3 Nxc3 8.
bxc3 Be7 9. O-O Bg4 10. h3 Bh5 11. Rb1 Rb8 12. Re1 O-O 13. g4 Bg6 14. Ne5 Nxe5
15. dxe5 Bc5 16. Kg2 Qh4 17. Be3 Bxe3 18. Rxe3 f5 19. gxf5 Bxf5 20. Bxf5 Rxf5
21. Qxd5+ Kh8 22. Rg3 Qf4 23. Rf3 Qg5+ 24. Kh1 Rxf3 25. Qxf3 Qxe5 26. Rxb7 Rd8
27. Rxa7 c6 28. Rd7 Rb8 29. Rd1 h6 30. a4 Qc5 31. Qg3 Rf8 32. Rd7 Rg8 33. Kh2
Qf5 34. Rd3 Ra8 35. Rd6 Qxc2 36. Rd7 Rg8 37. a5 Qf5 38. Ra7 Qc5 39. Qe3 Qd6+
40. Kg1 Qd1+ 41. Kg2 Qd5+ 42. f3 Rb8 43. Qf4 Re8 44. h4 Kg8 45. a6 Rf8 46. Qg4
Qd2+ 47. Kh3 Qxc3 48. Qg3 Rxf3 49. Rxg7+ Kf8 50. Rg8+ Kf7 51. Rg7+ Kf6 52. Rg6+
Kf5 53. a7 Rxg3+ 54. Rxg3 Qa5 0-1

[Event "Cup of Lviv-2017 (A) Bank Lviv - open"]
[Site "Lviv"]
[Date "2017.05.08"]
[Round "7.3"]
[White "Razin, Vadim"]
[Black "Onischuk, Vladimir"]
[Result "1/2-1/2"]
[WhiteElo "2465"]
[BlackElo "2715"]
[PlyCount "158"]
[EventDate "2017.05.08"]
[EventType "swiss (rapid)"]
[EventRounds "13"]
[EventCountry "UKR"]

1. d4 d6 2. Nf3 g6 3. e4 Nf6 4. Nc3 Bg7 5. Bc4 O-O 6. O-O Nc6 7. h3 Nxe4 8.
Bxf7+ Rxf7 9. Nxe4 Bf5 10. Neg5 Rf8 11. Qe2 Kh8 12. c3 e5 13. dxe5 Nxe5 14.
Nxe5 Bxe5 15. Be3 Bf6 16. Nf3 Qe7 17. Qd2 Be4 18. Nh2 Bc6 19. Ng4 Bg7 20. Bd4
Bxd4 21. Qxd4+ Qg7 22. Rfe1 Qxd4 23. cxd4 Rae8 24. Rac1 Rxe1+ 25. Rxe1 Kg7 26.
Rc1 Rf7 27. f3 Re7 28. Kf2 Kf7 29. Rc2 Bd5 30. a3 g5 31. Ne3 Be6 32. Nf1 Bf5
33. Rd2 Ke8 34. Ne3 Be6 35. d5 Bf7 36. Rd4 Bg6 37. Ra4 a6 38. Rb4 b6 39. Rg4
Re5 40. Ra4 a5 41. Rd4 Kd7 42. Ng4 Re7 43. Ne3 c5 44. dxc6+ Kxc6 45. Rc4+ Kb7
46. Rd4 Re6 47. h4 gxh4 48. Rxh4 Kc6 49. Rc4+ Kb5 50. a4+ Ka6 51. Nd5 Re5 52.
Nc7+ Kb7 53. Nb5 Rc5 54. Rd4 Rc2+ 55. Kg3 Rxb2 56. Rxd6 Rb4 57. Rd7+ Kc6 58.
Rc7+ Kd5 59. Rb7 Kc4 60. Rxb6 Rxa4 61. Nc7 Rb4 62. Rc6+ Kb3 63. Nd5 Rb5 64. Nf4
a4 65. Nxg6 Rg5+ 66. Kf2 Rxg6 67. Rc7 Ra6 68. Rb7+ Kc4 69. Rc7+ Kd5 70. Rd7+
Kc4 71. Rc7+ Kb4 72. Rb7+ Kc5 73. Rc7+ Kb5 74. Rb7+ Rb6 75. Rxh7 a3 76. Rh1 a2
77. Ra1 Ra6 78. g4 Kc4 79. Kg3 Kd4 1/2-1/2

[Event "Cup of Lviv-2017 (A) Bank Lviv - open"]
[Site "Lviv"]
[Date "2017.05.08"]
[Round "7.5"]
[White "Sumets, Andrey"]
[Black "Borisenko, Viacheslav"]
[Result "1/2-1/2"]
[WhiteElo "2506"]
[BlackElo "2359"]
[PlyCount "55"]
[EventDate "2017.05.08"]
[EventType "swiss (rapid)"]
[EventRounds "13"]
[EventCountry "UKR"]

1. d4 d5 2. Nf3 Nf6 3. c4 dxc4 4. e3 e6 5. Bxc4 a6 6. O-O c5 7. Bb3 Nbd7 8. a4
b6 9. Nc3 Bb7 10. Qe2 Be7 11. Rd1 Qc7 12. h3 O-O 13. Bd2 Rac8 14. Rac1 Rfd8 15.
Be1 Nf8 16. e4 Qb8 17. d5 exd5 18. Nxd5 Nxd5 19. Bxd5 Ng6 20. Bxb7 Qxb7 21. b3
b5 22. axb5 axb5 23. Bd2 h6 24. Be3 Qxe4 25. Rxd8+ Rxd8 26. Qxb5 Nf4 27. Bxf4
Qxf4 28. Re1 1/2-1/2

[Event "Cup of Lviv-2017 (A) Bank Lviv - open"]
[Site "Lviv"]
[Date "2017.05.08"]
[Round "7.6"]
[White "Matviishen, Viktor"]
[Black "Mamedov, Rauf"]
[Result "0-1"]
[WhiteElo "2395"]
[BlackElo "2705"]
[PlyCount "110"]
[EventDate "2017.05.08"]
[EventType "swiss (rapid)"]
[EventRounds "13"]
[EventCountry "UKR"]

1. d4 d6 2. c4 e5 3. Nc3 exd4 4. Qxd4 Nc6 5. Qd2 g6 6. b3 Bg7 7. Bb2 Nf6 8. g3
O-O 9. Bg2 Re8 10. Nf3 Bf5 11. O-O Ne4 12. Nxe4 Bxe4 13. Bxg7 Kxg7 14. Nd4 Bxg2
15. Kxg2 Qf6 16. Nxc6 bxc6 17. e3 a5 18. a3 c5 19. Rab1 Qf5 20. Rb2 Kg8 21. Qe2
Rab8 22. a4 Rb4 23. Qf3 Qxf3+ 24. Kxf3 Reb8 25. Rfb1 Kf8 26. e4 Ke7 27. Ke3 Ke6
28. h4 c6 29. Kd3 d5 30. exd5+ cxd5 31. cxd5+ Kxd5 32. Kc3 c4 33. bxc4+ Rxc4+
34. Kd3 Rxb2 35. Rxb2 Rxa4 36. Rb5+ Ke6 37. Ke3 Ra3+ 38. Kf4 h5 39. Rb6+ Ke7
40. Ra6 a4 41. f3 Ra1 42. g4 hxg4 43. Kxg4 a3 44. Kg3 Kd7 45. Kg2 Kc7 46. Ra4
Kb6 47. Ra8 f6 48. f4 f5 49. Ra4 Kb5 50. Ra8 Kb4 51. Ra6 Rc1 52. Rb6+ Kc5 53.
Ra6 Rc2+ 54. Kg3 a2 55. h5 gxh5 {Illegal move - Kg2} 0-1

[Event "Cup of Lviv-2017 (A) Bank Lviv - open"]
[Site "Lviv"]
[Date "2017.05.08"]
[Round "7.10"]
[White "Oleksiyenko, Mykhaylo"]
[Black "Sivuk, Vitaliy"]
[Result "1/2-1/2"]
[WhiteElo "2521"]
[BlackElo "2533"]
[PlyCount "119"]
[EventDate "2017.05.08"]
[EventType "swiss (rapid)"]
[EventRounds "13"]
[EventCountry "UKR"]

1. e4 e6 2. d4 d5 3. Nd2 c5 4. Ngf3 cxd4 5. Nxd4 Nf6 6. e5 Nfd7 7. Bb5 Qb6 8.
Bxd7+ Bxd7 9. N2f3 Nc6 10. O-O Bc5 11. Nb3 O-O 12. Nxc5 Qxc5 13. c3 Qb5 14. Re1
a5 15. Rb1 a4 16. a3 f5 17. exf6 Rxf6 18. Bg5 Rf5 19. Bh4 e5 20. Bg3 Re8 21.
Qd2 h6 22. Rbd1 e4 23. Nd4 Nxd4 24. cxd4 Rc8 25. Be5 Rcf8 26. Bg3 Qa6 27. Rc1
Qg6 28. Rc3 Bb5 29. Rc7 Bc6 30. h3 R5f7 31. Rxf7 Rxf7 32. Re3 Rf5 33. Be5 Rf7
34. Rg3 Qh5 35. Qa5 Kh7 36. Qd8 Qf5 37. Kh2 Qxf2 38. Qd6 Qf5 39. Qd8 Qe6 40.
Re3 Bb5 41. Qa5 Qd7 42. Rg3 Bd3 43. Qa8 Bc4 44. Qb8 b5 45. Qb6 Qf5 46. Qd8 Qe6
47. Qb8 Bd3 48. Qd8 Qd7 49. Qa8 Bc4 50. Qa6 Qf5 51. Qa8 Qe6 52. Qd8 Qd7 53. Qa8
Be2 54. Qa6 Bh5 55. Qb6 Qe8 56. Qd6 Qd7 57. Qb6 Qe8 58. Qd6 Qd7 59. Qb6 Qe8 60.
Qd6 1/2-1/2

[Event "Cup of Lviv-2017 (A) Bank Lviv - open"]
[Site "Lviv"]
[Date "2017.05.08"]
[Round "7.11"]
[White "Oros, Robert"]
[Black "Sergeev, Vladimir"]
[Result "1/2-1/2"]
[WhiteElo "2297"]
[BlackElo "2526"]
[PlyCount "96"]
[EventDate "2017.05.08"]
[EventType "swiss (rapid)"]
[EventRounds "13"]
[EventCountry "UKR"]

1. e4 Nf6 2. e5 Nd5 3. d4 d6 4. Nf3 Bg4 5. Be2 c6 6. O-O Bxf3 7. Bxf3 dxe5 8.
dxe5 e6 9. a3 Qc7 10. Qe2 Nd7 11. Re1 Bc5 12. Bxd5 cxd5 13. Nd2 O-O 14. Nf3
Rac8 15. c3 Rfe8 16. Bf4 a6 17. Rad1 b5 18. Nd4 Nf8 19. Bg3 Qb7 20. h4 Bxd4 21.
Rxd4 Rc4 22. Red1 Rec8 23. h5 h6 24. f4 a5 25. Be1 R8c6 26. Kh2 Qa7 27. Bf2 Qe7
28. Be1 Rc8 29. Qg4 Rxd4 30. Rxd4 f5 31. exf6 Qxf6 32. Bh4 Qf7 33. g3 Rc4 34.
Rxc4 bxc4 35. Bd8 a4 36. Bb6 Qf5 37. Qd1 Nd7 38. Bd4 e5 39. Bxe5 Nxe5 40. Qxd5+
Kh7 41. Qxe5 Qc2+ 42. Kh3 Qxb2 43. Qe4+ Kh8 44. Qe8+ Kh7 45. Qg6+ Kh8 46. Qe8+
Kh7 47. Qe4+ Kh8 48. Qe8+ Kh7 1/2-1/2

[Event "Cup of Lviv-2017 (A) Bank Lviv - open"]
[Site "Lviv"]
[Date "2017.05.08"]
[Round "7.12"]
[White "Solovchuk, Alexey"]
[Black "Gritsak, Orest"]
[Result "1/2-1/2"]
[WhiteElo "2483"]
[BlackElo "2513"]
[PlyCount "96"]
[EventDate "2017.05.08"]
[EventType "swiss (rapid)"]
[EventRounds "13"]
[EventCountry "UKR"]

1. Nf3 Nf6 2. e3 b6 3. b3 Bb7 4. Bb2 e6 5. d4 c5 6. Nbd2 cxd4 7. exd4 Be7 8.
Bd3 d6 9. O-O Nbd7 10. Qe2 O-O 11. Rfe1 Re8 12. Ng5 Bf8 13. c4 g6 14. Qe3 h6
15. Nge4 Nxe4 16. Nxe4 d5 17. Nd2 Bg7 18. Nf3 dxc4 19. bxc4 Qc7 20. a4 Rad8 21.
a5 Bxf3 22. Qxf3 Nb8 23. axb6 axb6 24. Re4 Nc6 25. Qe3 Qd7 26. Rb1 Nxd4 27. Bf1
Nf5 28. Qb3 Bxb2 29. Qxb2 Qc6 30. Re5 Re7 31. Rb5 Red7 32. Rxb6 Qc5 33. Rb5 Qd4
34. g3 Qg4 35. h3 Qe4 36. Qe5 Qxe5 37. Rxe5 Rd1 38. Re1 R1d2 39. Re2 Rxe2 40.
Bxe2 Rd2 41. Bf1 Rc2 42. Rd1 Kf8 43. Bd3 Rc3 44. Bxf5 gxf5 45. Rd4 Ke7 46. Rh4
h5 47. Kg2 Kf6 48. Rxh5 Rxc4 1/2-1/2

[Event "Cup of Lviv-2017 (A) Bank Lviv - open"]
[Site "Lviv"]
[Date "2017.05.08"]
[Round "8.2"]
[White "Zubov, Alexander"]
[Black "Onischuk, Vladimir"]
[Result "0-1"]
[WhiteElo "2643"]
[BlackElo "2715"]
[PlyCount "107"]
[EventDate "2017.05.08"]
[EventType "swiss (rapid)"]
[EventRounds "13"]
[EventCountry "UKR"]

1. e4 d6 2. d4 Nf6 3. Bd3 g6 4. Nf3 Bg7 5. O-O O-O 6. Re1 Nbd7 7. c3 e5 8. Nbd2
b6 9. Nf1 Bb7 10. Ng3 Re8 11. d5 c6 12. c4 a5 13. Rb1 Nc5 14. Bf1 Qd7 15. b3
Ba6 16. a3 cxd5 17. exd5 a4 18. bxa4 Reb8 19. Rb4 Bc8 20. Be3 Qc7 21. h3 Bd7
22. Qb1 Nxa4 23. Nd2 Nc5 24. Qb2 Be8 25. f4 exf4 26. Bd4 fxg3 27. Bxf6 Bxf6 28.
Qxf6 Rxa3 29. Kh1 Qd8 30. Qf4 Rb7 31. Nf3 Re7 32. Reb1 Ne4 33. Rxb6 Ra1 34. Kg1
Qc7 35. Qe3 Rxb1 36. Rxb1 Kg7 37. Qd4+ f6 38. Bd3 Nc5 39. Kh1 Qa7 40. Rf1 Qa3
41. Bc2 Qe3 42. Qd1 Qc3 43. Nd4 Bd7 44. Nc6 Re8 45. Bb1 h5 46. Nd4 h4 47. Nf3
g5 48. Nd4 Ne4 49. Bxe4 Rxe4 50. Nb5 Qe5 51. Qd3 Re3 52. Qd2 Re2 53. Qd3 Bxh3
54. Rg1 0-1

[Event "Cup of Lviv-2017 (A) Bank Lviv - open"]
[Site "Lviv"]
[Date "2017.05.08"]
[Round "8.3"]
[White "Mamedov, Rauf"]
[Black "Fedorov, Alexei"]
[Result "1/2-1/2"]
[WhiteElo "2705"]
[BlackElo "2623"]
[PlyCount "107"]
[EventDate "2017.05.08"]
[EventType "swiss (rapid)"]
[EventRounds "13"]
[EventCountry "UKR"]

1. e4 c5 2. Nf3 Nc6 3. Bb5 e6 4. O-O Nge7 5. Re1 Nd4 6. Bf1 Nec6 7. c3 Nxf3+ 8.
Qxf3 Be7 9. a4 O-O 10. Na3 e5 11. Nc4 d6 12. Ne3 Bg5 13. g3 g6 14. Nd5 f5 15.
Bc4 Kh8 16. d3 Bxc1 17. Raxc1 fxe4 18. Qxe4 Bf5 19. Qe2 Qd7 20. Ne3 Bh3 21. f3
a6 22. Rcd1 Rae8 23. Qf2 Be6 24. Bd5 Bxd5 25. Nxd5 Qf7 26. Nb6 Qxf3 27. Qxf3
Rxf3 28. d4 cxd4 29. cxd4 Ref8 30. dxe5 dxe5 31. Nc4 Rb3 32. Rd7 Kg8 33. Rc7
Rf7 34. Rc8+ Kg7 35. Nd6 Re7 36. Ne8+ Kf7 37. Nc7 Rxb2 38. Rf1+ Kg7 39. Ne8+
Kh6 40. Nf6 Rf7 41. g4 Rxf6 42. Rxf6 Kg5 43. Rf7 Kxg4 44. Rxh7 Nd4 45. Kf1 Nf3
46. Rc4+ Kg5 47. h4+ Kf6 48. Rcc7 e4 49. Rxb7 Ra2 50. Rb4 Kf5 51. Rf7+ Ke6 52.
Rf8 Kd5 53. Rd8+ Kc5 54. Rxe4 1/2-1/2